000
00309nam a2200109Ia 4500
008
180315s9999 xx 000 0 und d
020
_a
9780071774376
100
_a
Scannell, Mary
245
_c
Cain, Jim
_a
The big book of low-cost training games /
260
_a
USA :
_b
2012
_c
McGrawHill
300
_a
v, 239 pages
999
_c
356319
_d
356319